000 00356nam a22001457a 4500
999 _c258490
_d258489
003 OSt
005 20200616113959.0
008 200616b xxu||||| |||| 00| 0 eng d
020 _a0697003957
040 _cN/A
100 _aRoss M.Durham
245 _aHuman physiology
_bfunctions of the body
260 _bWm.c.brown publishers
_c1989
942 _2lcc
_cBK